[Event "Aerosvit"]
[Site "Foros UKR"]
[Date "2007.06.18"]
[Round "1"]
[White "Dominguez Perez,L"]
[Black "Van Wely,L"]
[Result "1-0"]
[WhiteElo "2678"]
[BlackElo "2674"]
[EventDate "2007.06.18"]

1. e4 c5 2. Nf3 d6 3. d4 cxd4 4. Nxd4 Nf6 5. Nc3 a6 6. Be3 e5 7. Nb3 Be6 8.
f3 Be7 9. Qd2 O-O 10. O-O-O Nbd7 11. g4 b5 12. Rg1 b4 13. Nd5 Bxd5 14. exd5
a5 15. g5 Nh5 16. Kb1 a4 17. Nc1 Qa5 18. Nd3 Rfb8 19. Rg4 Nf4 20. Nxf4 exf4
21. Bxf4 g6 22. Bg3 Bf8 23. Rc4 Nc5 24. Bf2 Bg7 25. Bxc5 dxc5 26. d6 a3 27.
b3 Bd4 28. d7 Rd8 29. Bh3 Ra6 30. Re1 f5 31. Rxd4 cxd4 32. Qxd4 1-0

[Event "Aerosvit"]
[Site "Foros UKR"]
[Date "2007.06.18"]
[Round "1"]
[White "Svidler,P"]
[Black "Eljanov,P"]
[Result "1/2-1/2"]
[WhiteElo "2736"]
[BlackElo "2686"]
[EventDate "2007.06.18"]

1. d4 Nf6 2. c4 e6 3. Nf3 b6 4. g3 Ba6 5. Qb3 Nc6 6. Nbd2 Na5 7. Qc3 c5 8.
dxc5 bxc5 9. e4 Bb7 10. e5 Ne4 11. Nxe4 Bxe4 12. Bg2 Nc6 13. O-O Rb8 14.
Re1 Bxf3 15. Qxf3 Nd4 16. Qe4 Be7 17. Rb1 a5 18. Be3 Qc7 19. Bxd4 cxd4 20.
Qxd4 Bc5 21. Qd3 O-O 22. b3 Rfd8 23. Rbd1 1/2-1/2

[Event "Aerosvit"]
[Site "Foros UKR"]
[Date "2007.06.18"]
[Round "1"]
[White "Karjakin,Sergey"]
[Black "Ivanchuk,V"]
[Result "1/2-1/2"]
[WhiteElo "2686"]
[BlackElo "2729"]
[EventDate "2007.06.18"]

1. e4 c5 2. Nf3 Nc6 3. d4 cxd4 4. Nxd4 g6 5. Nc3 Bg7 6. Be3 Nf6 7. Bc4 O-O
8. Bb3 d6 9. f3 Bd7 10. Qd2 Rc8 11. O-O-O Ne5 12. Kb1 Re8 13. Bh6 Bxh6 14.
Qxh6 Rxc3 15. bxc3 a5 16. a4 Qb6 17. h4 Bxa4 18. h5 Nc6 19. hxg6 Bxb3 20.
gxh7+ Kh8 21. cxb3 Nxd4 22. cxd4 Qxb3+ 23. Ka1 1/2-1/2

[Event "Aerosvit"]
[Site "Foros UKR"]
[Date "2007.06.18"]
[Round "1"]
[White "Nisipeanu,LD"]
[Black "Jakovenko,D"]
[Result "1/2-1/2"]
[WhiteElo "2693"]
[BlackElo "2708"]
[EventDate "2007.06.18"]

1. d4 d5 2. c4 c6 3. Nf3 Nf6 4. Nc3 dxc4 5. a4 Bf5 6. e3 e6 7. Bxc4 Bb4 8.
O-O O-O 9. Qe2 Nbd7 10. Rd1 Ne4 11. Nxe4 Bxe4 12. Bd3 Bxd3 13. Rxd3 c5 14.
b3 Qe7 15. Bb2 Nf6 16. Rad1 cxd4 17. Rxd4 Rac8 18. Rc4 Nd5 19. Rdc1 Rxc4
20. Rxc4 Ba3 21. Bd4 f6 22. g3 e5 23. Bb2 Bxb2 24. Qxb2 Rd8 25. Qc2 a5 26.
Rc8 g6 27. Nd2 Nb4 28. Qc4+ Kg7 29. Ne4 f5 30. Rxd8 Qxd8 31. Nc5 Qd1+ 32.
Qf1 Qd5 33. Qb5 Qd1+ 34. Qf1 Qd5 35. Qb5 Qd1+ 1/2-1/2

[Event "Aerosvit"]
[Site "Foros UKR"]
[Date "2007.06.18"]
[Round "1"]
[White "Sasikiran,K"]
[Black "Onischuk,Al"]
[Result "1-0"]
[WhiteElo "2690"]
[BlackElo "2663"]
[EventDate "2007.06.18"]

1. d4 Nf6 2. c4 e6 3. Nf3 b6 4. g3 Ba6 5. b3 Bb4+ 6. Bd2 Be7 7. Bg2 c6 8.
Bc3 d5 9. Ne5 Nfd7 10. Nxd7 Nxd7 11. Nd2 O-O 12. O-O Rb8 13. Bb2 Nf6 14. e4
c5 15. exd5 exd5 16. dxc5 dxc4 17. c6 c3 18. Bxc3 Bxf1 19. Qxf1 b5 20. Ne4
Nxe4 21. Bxe4 Qc8 22. Qd3 Kh8 23. Rc1 f5 24. Bf3 Rd8 25. Qe3 Qc7 26. Qe5
Bd6 27. Qxf5 Rf8 28. Qg4 Be5 29. Bd2 a5 30. Be3 a4 31. Be4 axb3 32. axb3
Rf6 33. Rc5 h6 34. Rd5 Rd8 35. Qh5 1-0

[Event "Aerosvit"]
[Site "Foros UKR"]
[Date "2007.06.19"]
[Round "2"]
[White "Eljanov,P"]
[Black "Karjakin,Sergey"]
[Result "0-1"]
[WhiteElo "2686"]
[BlackElo "2686"]
[EventDate "2007.06.18"]

1. d4 d5 2. c4 c6 3. Nf3 Nf6 4. e3 a6 5. Nc3 b5 6. c5 Nbd7 7. a3 a5 8. Bd3
e5 9. dxe5 Ng4 10. e6 fxe6 11. Nd4 Nxc5 12. Be2 Nxf2 13. Kxf2 Bd6 14. g3
O-O+ 15. Kg2 Bd7 16. Bd2 e5 17. Nb3 Ne6 18. Bg4 a4 19. Nc1 Qg5 20. h4 Qg6
21. h5 Qg5 22. Rh4 e4 23. Qe1 Nc5 24. Bxd7 Nxd7 25. N1e2 Ne5 26. Qh1 Nf3
27. Qh3 Qf6 28. Nf4 Nxd2 0-1

[Event "Aerosvit"]
[Site "Foros UKR"]
[Date "2007.06.19"]
[Round "2"]
[White "Ivanchuk,V"]
[Black "Nisipeanu,LD"]
[Result "1-0"]
[WhiteElo "2729"]
[BlackElo "2693"]
[EventDate "2007.06.18"]

1. d4 d5 2. Nf3 Nf6 3. c4 dxc4 4. Nc3 e6 5. e4 Bb4 6. Bg5 c5 7. e5 cxd4 8.
Qa4+ Nc6 9. O-O-O Bd7 10. Ne4 Nxe4 11. Bxd8 Rxd8 12. Nxd4 Bd2+ 13. Rxd2
Nxd2 14. Nxc6 Bxc6 15. Qa3 Nxf1 16. Rxf1 Rd3 17. Qb4 a5 18. Qxc4 Rd5 19.
Rd1 O-O 20. Rxd5 Bxd5 21. Qa4 Bxg2 22. Qxa5 Bd5 23. f4 f6 24. f5 fxe5 25.
fxe6 Bxe6 26. b3 e4 27. Qb5 Bf7 28. Qxb7 e3 29. Qb5 h6 30. Kd1 g5 31. Qe2
Rd8+ 32. Ke1 Rd2 33. Qxe3 Rxa2 34. b4 Rxh2 35. b5 Rb2 36. b6 g4 37. Qxh6
Rb1+ 38. Kf2 Rb3 39. Qc6 1-0

[Event "Aerosvit"]
[Site "Foros UKR"]
[Date "2007.06.19"]
[Round "2"]
[White "Dominguez Perez,L"]
[Black "Shirov,A"]
[Result "0-1"]
[WhiteElo "2678"]
[BlackElo "2699"]
[EventDate "2007.06.18"]

1. e4 e5 2. Nf3 Nc6 3. Bb5 a6 4. Ba4 Nf6 5. O-O b5 6. Bb3 Bc5 7. a4 Rb8 8.
c3 d6 9. d4 Bb6 10. Na3 O-O 11. axb5 axb5 12. Nxb5 Bg4 13. Bc2 Bxf3 14.
gxf3 Nh5 15. Be3 Qf6 16. Kh1 Ne7 17. Rg1 Ng6 18. Rg4 Nhf4 19. Bb3 c6 20.
Na3 d5 21. exd5 cxd5 22. Nb5 Qc6 23. Ba4 f5 24. Rg3 e4 25. fxe4 dxe4 26. d5
Qf6 27. Bxb6 Qxb6 28. Qd4 Qb7 29. c4 Ne2 30. Qa7 Nxg3+ 31. hxg3 Qc8 32. Qc7
Qa6 33. d6 e3 34. fxe3 Qa8+ 35. Kh2 Ne5 36. Qc5 Ng4+ 37. Kg1 Kh8 38. Qd5
Qa5 39. Qd4 Rbe8 40. b4 Qd8 41. Ra3 Re4 42. Qc5 Re5 43. Qd4 f4 44. exf4
Re1+ 45. Kg2 Qe8 46. Bd1 Qh5 0-1

[Event "Aerosvit"]
[Site "Foros UKR"]
[Date "2007.06.19"]
[Round "2"]
[White "Jakovenko,D"]
[Black "Sasikiran,K"]
[Result "1-0"]
[WhiteElo "2708"]
[BlackElo "2690"]
[EventDate "2007.06.18"]

1. e4 c6 2. d4 d5 3. Nc3 dxe4 4. Nxe4 Nd7 5. Ng5 Ngf6 6. Bd3 e6 7. N1f3 Bd6
8. Qe2 h6 9. Ne4 Nxe4 10. Qxe4 Qc7 11. O-O b6 12. Qg4 Kf8 13. Qh4 c5 14.
Be4 Rb8 15. Rd1 Ba6 16. dxc5 bxc5 17. b3 f5 18. Bd3 Bxd3 19. Rxd3 Ne5 20.
Nxe5 Bxe5 21. Rb1 Kf7 22. Be3 c4 23. Rdd1 cxb3 24. cxb3 Rhd8 25. Rdc1 Qa5
26. Qh5+ Kg8 27. Qe2 Rd5 28. g3 Rbd8 29. Rc6 R8d6 30. Rbc1 Kh7 31. R1c5
Rxc6 32. Rxc6 Qd8 33. Qc4 Qd7 34. b4 Bd4 35. Bxd4 Rxd4 36. Qxe6 Qxe6 37.
Rxe6 Rxb4 38. Ra6 f4 39. gxf4 Rxf4 40. Rxa7 Kg6 41. Ra3 Rc4 42. h3 Rc2 43.
Rg3+ Kf5 44. Rxg7 Rxa2 45. Kg2 Ra3 46. f3 Kf6 47. Rg8 Ra1 48. h4 Kf7 49.
Rd8 Kg6 50. Rd5 Rb1 51. Kg3 Rg1+ 52. Kf4 Rh1 53. Rd6+ Kh5 54. Kf5 Ra1 55.
f4 Ra5+ 56. Ke4 Ra1 57. f5 Re1+ 58. Kf4 Rf1+ 59. Ke5 Re1+ 60. Kf6 Kxh4 61.
Kg6 Rf1 62. f6 h5 63. f7 Rxf7 64. Kxf7 Kg3 65. Kg6 h4 66. Kg5 h3 67. Rd3+
Kg2 68. Kg4 h2 69. Rd2+ 1-0

[Event "Aerosvit"]
[Site "Foros UKR"]
[Date "2007.06.20"]
[Round "3"]
[White "Svidler,P"]
[Black "Dominguez Perez,L"]
[Result "1/2-1/2"]
[WhiteElo "2736"]
[BlackElo "2678"]
[EventDate "2007.06.18"]

1. d4 d5 2. c4 dxc4 3. Nf3 Nf6 4. e3 e6 5. Bxc4 a6 6. Qe2 c5 7. dxc5 Bxc5
8. O-O Nc6 9. e4 b5 10. Bb3 Nd4 11. Nxd4 Qxd4 12. Be3 Qe5 13. Bxc5 Qxc5 14.
Nc3 Bb7 15. Rac1 Rc8 16. Qd2 Qb4 17. e5 Ng4 18. Qg5 O-O 19. h3 Nh6 20. Ne2
Nf5 21. Rxc8 Rxc8 22. Rd1 h6 23. Qg4 Qe4 24. Qxe4 1/2-1/2

[Event "Aerosvit"]
[Site "Foros UKR"]
[Date "2007.06.20"]
[Round "3"]
[White "Onischuk,Al"]
[Black "Jakovenko,D"]
[Result "1/2-1/2"]
[WhiteElo "2663"]
[BlackElo "2708"]
[EventDate "2007.06.18"]

1. d4 Nf6 2. c4 e6 3. Nf3 d5 4. Nc3 dxc4 5. e4 Bb4 6. Bg5 c5 7. e5 cxd4 8.
Nxd4 Qa5 9. exf6 Bxc3+ 10. bxc3 Qxg5 11. fxg7 Qxg7 12. Qd2 O-O 13. Bxc4 Rd8
14. Qe3 Bd7 15. O-O Nc6 16. Nf3 Ne7 17. Ne5 Ng6 18. f4 Nxe5 19. fxe5 Bc6
20. g3 Rd7 21. Rf6 Rad8 22. Be2 Rd2 23. Rf4 Kh8 24. Rd4 R2xd4 25. cxd4 f5
26. exf6 Qxf6 27. Rd1 Bd5 28. Rf1 Qg7 29. Rf4 Rf8 30. Rh4 Rf7 31. a3 b6 32.
Rg4 Qf6 33. h4 a5 34. Rf4 Qg7 35. Rg4 Qf6 36. Rf4 Qg7 37. Rxf7 Qxf7 38.
Qe5+ Kg8 39. Qb8+ Qf8 40. Qxb6 Qxa3 41. Qd8+ Kg7 42. Qg5+ Kf8 43. Qf6+ Kg8
44. Qg5+ 1/2-1/2

[Event "Aerosvit"]
[Site "Foros UKR"]
[Date "2007.06.20"]
[Round "3"]
[White "Shirov,A"]
[Black "Van Wely,L"]
[Result "0-1"]
[WhiteElo "2699"]
[BlackElo "2674"]
[EventDate "2007.06.18"]

1. e4 c5 2. Nf3 d6 3. d4 cxd4 4. Nxd4 Nf6 5. Nc3 a6 6. Bg5 e6 7. f4 Nbd7 8.
Qf3 Qc7 9. O-O-O b5 10. Bd3 Bb7 11. Rhe1 Be7 12. Qg3 b4 13. Nd5 exd5 14.
exd5 Kd8 15. Nc6+ Bxc6 16. dxc6 Nc5 17. Bc4 Nfe4 18. Qe3 f5 19. g4 g6 20.
gxf5 gxf5 21. Rd5 Bxg5 22. fxg5 Rf8 23. Rf1 Qxc6 24. Rdxf5 Rxf5 25. Rxf5
Qe8 26. Rf7 Rc8 27. Rxh7 Qe5 28. g6 Na4 29. g7 Qxb2+ 0-1

[Event "Aerosvit"]
[Site "Foros UKR"]
[Date "2007.06.20"]
[Round "3"]
[White "Nisipeanu,LD"]
[Black "Eljanov,P"]
[Result "0-1"]
[WhiteElo "2693"]
[BlackElo "2686"]
[EventDate "2007.06.18"]

1. d4 Nf6 2. c4 e6 3. Nf3 b6 4. g3 Ba6 5. Qc2 Bb4+ 6. Bd2 Be7 7. e4 d5 8.
Nc3 Bxc4 9. Bxc4 dxc4 10. O-O-O c6 11. Bf4 Na6 12. a3 b5 13. Ne5 Qc8 14.
Bg5 O-O 15. h4 Rb8 16. Qe2 Qb7 17. h5 h6 18. Bf4 c5 19. d5 b4 20. Na4 bxa3
21. Qxc4 exd5 22. exd5 Nb4 23. bxa3 Nbxd5 24. Kc2 Nxf4 25. gxf4 Qc8 26. Rd3
Rb7 27. Re1 Nxh5 28. Ng6 Re8 29. Rd5 Nf6 30. Rde5 Bd6 31. Rxe8+ Nxe8 32.
Qd5 Qd7 33. Nxc5 Bxc5 34. Qxd7 Rxd7 35. Rxe8+ Kh7 36. Ne5 Rc7 37. Kb3 Bxf2
0-1

[Event "Aerosvit"]
[Site "Foros UKR"]
[Date "2007.06.21"]
[Round "4"]
[White "Dominguez Perez,L"]
[Black "Karjakin,Sergey"]
[Result "1/2-1/2"]
[WhiteElo "2678"]
[BlackElo "2686"]
[EventDate "2007.06.18"]

1. e4 c5 2. Nf3 d6 3. d4 cxd4 4. Nxd4 Nf6 5. Nc3 a6 6. Be3 e5 7. Nb3 Be6 8.
f3 Nbd7 9. Qd2 b5 10. O-O-O Be7 11. Nd5 Bxd5 12. exd5 Nb6 13. Bxb6 Qxb6 14.
Na5 O-O 15. Nc6 Bd8 16. Bd3 a5 17. Kb1 b4 18. Rhe1 1/2-1/2

[Event "Aerosvit"]
[Site "Foros UKR"]
[Date "2007.06.21"]
[Round "4"]
[White "Ivanchuk,V"]
[Black "Onischuk,Al"]
[Result "1/2-1/2"]
[WhiteElo "2729"]
[BlackElo "2663"]
[EventDate "2007.06.18"]

1. d4 Nf6 2. c4 e6 3. g3 d5 4. Bg2 Be7 5. Nf3 O-O 6. O-O dxc4 7. Na3 Bxa3
8. bxa3 Bd7 9. Ne5 Bc6 10. Nxc6 Nxc6 11. Rb1 Rb8 12. Bb2 Qd7 13. e4 Rfd8
14. d5 exd5 15. Bxf6 gxf6 16. exd5 Ne5 17. Qd4 Qd6 18. f4 1/2-1/2

[Event "Aerosvit"]
[Site "Foros UKR"]
[Date "2007.06.21"]
[Round "4"]
[White "Van Wely,L"]
[Black "Jakovenko,D"]
[Result "1-0"]
[WhiteElo "2674"]
[BlackElo "2708"]
[EventDate "2007.06.18"]

1. d4 Nf6 2. c4 e6 3. Nf3 b6 4. g3 Ba6 5. b3 Bb4+ 6. Bd2 Be7 7. Nc3 c6 8.
e4 d5 9. Qe2 dxe4 10. Nxe4 Bb7 11. Neg5 O-O 12. Bh3 h6 13. Nxe6 fxe6 14.
Bxe6+ Kh8 15. Ne5 Qxd4 16. O-O Bd6 17. Ng6+ Kh7 18. Bf5 Re8 19. Be3 Qc3 20.
Rad1 Ba3 21. Qf3 Bc8 22. Bxc8 Rxc8 23. Qf5 Re8 24. Bd4 Qa5 25. c5 Kg8 26.
Ne7+ Rxe7 27. Bxf6 Rd7 28. Qg6 1-0

[Event "Aerosvit"]
[Site "Foros UKR"]
[Date "2007.06.21"]
[Round "4"]
[White "Rublevsky,S"]
[Black "Nisipeanu,LD"]
[Result "1/2-1/2"]
[WhiteElo "2680"]
[BlackElo "2693"]
[EventDate "2007.06.18"]

1. e4 c6 2. d4 d5 3. e5 Bf5 4. Nd2 e6 5. Nb3 Nd7 6. Nf3 Ne7 7. Be2 a6 8.
O-O Ng6 9. Bd2 c5 10. dxc5 Bxc5 11. Nxc5 Nxc5 12. Bb4 Qb6 13. c3 O-O 14.
Nd4 Nf4 15. Nxf5 exf5 16. Bf3 Rad8 17. g3 Nfd3 18. Bxc5 Nxc5 19. Qd4 Qb5
20. Rfd1 Ne6 21. Qb4 Qc6 22. c4 Qxc4 23. Qxc4 dxc4 24. Bxb7 a5 25. Ba6 Nd4
26. Kg2 Nc6 27. f4 Nb4 28. Bxc4 Nc2 29. Rxd8 Rxd8 30. Rc1 Rd2+ 31. Kf3 g6
32. h4 Kf8 33. a3 Ke7 34. h5 f6 35. hxg6 hxg6 36. Rh1 fxe5 37. fxe5 g5 38.
Rh7+ Kd8 39. Rh8+ Ke7 40. Rh7+ Kd8 41. Be6 Rd3+ 42. Kf2 Rd2+ 43. Kf3 Rd3+
44. Ke2 Re3+ 45. Kd2 Rxe5 46. Rd7+ Ke8 47. Rd5 Rxe6 48. Kxc2 Re2+ 49. Kb3
Rf2 50. Rxa5 Ke7 51. a4 Kf6 52. Rc5 Rf3+ 53. Rc3 g4 54. a5 f4 55. a6 Rxc3+
56. bxc3 fxg3 57. a7 g2 58. a8=Q g1=Q 59. Qf8+ Ke5 60. Qe7+ Kf4 61. Qd6+
Kf3 62. Qd5+ Ke2 63. Qe4+ Kd2 64. Qd5+ 1/2-1/2

[Event "Aerosvit"]
[Site "Foros UKR"]
[Date "2007.06.22"]
[Round "5"]
[White "Jakovenko,D"]
[Black "Ivanchuk,V"]
[Result "1/2-1/2"]
[WhiteElo "2708"]
[BlackElo "2729"]
[EventDate "2007.06.18"]

1. e4 c5 2. Nf3 Nc6 3. d4 cxd4 4. Nxd4 Nf6 5. Nc3 e5 6. Ndb5 d6 7. Bg5 a6
8. Na3 b5 9. Nd5 Be7 10. Bxf6 Bxf6 11. c3 O-O 12. Nc2 Rb8 13. h4 Be7 14.
Nce3 Be6 15. Qf3 Qd7 16. Rd1 Bd8 17. Be2 Ne7 18. h5 h6 19. O-O Qc8 20.
Nxe7+ Bxe7 21. b3 Bg5 22. Rxd6 Qxc3 23. Rxa6 Bxe3 1/2-1/2

[Event "Aerosvit"]
[Site "Foros UKR"]
[Date "2007.06.22"]
[Round "5"]
[White "Svidler,P"]
[Black "Van Wely,L"]
[Result "1/2-1/2"]
[WhiteElo "2736"]
[BlackElo "2674"]
[EventDate "2007.06.18"]

1. e4 c5 2. Nf3 d6 3. d4 cxd4 4. Nxd4 Nf6 5. Nc3 a6 6. Be3 e5 7. Nb3 Be6 8.
f3 Be7 9. Qd2 O-O 10. O-O-O Nbd7 11. g4 b5 12. g5 b4 13. Ne2 Ne8 14. f4 a5
15. f5 a4 16. Nbd4 exd4 17. Nxd4 b3 18. Kb1 bxc2+ 19. Nxc2 Bb3 20. axb3
axb3 21. Na3 Ne5 22. h4 Ra4 23. Rh3 Rxe4 24. Qg2 Rg4 25. Qb7 Qd7 26. Qxd7
Nxd7 27. Bc4 Nc7 28. Rd4 Rxd4 29. Bxd4 d5 30. Bxb3 Bc5 31. Nc2 Rb8 32. Ba2
Bxd4 33. Nxd4 Kf8 34. Kc2 Na6 35. Ra3 1/2-1/2

[Event "Aerosvit"]
[Site "Foros UKR"]
[Date "2007.06.22"]
[Round "5"]
[White "Nisipeanu,LD"]
[Black "Dominguez Perez,L"]
[Result "1/2-1/2"]
[WhiteElo "2693"]
[BlackElo "2678"]
[EventDate "2007.06.18"]

1. e4 c5 2. Nf3 d6 3. d4 cxd4 4. Nxd4 Nf6 5. Nc3 a6 6. Be3 e5 7. Nde2 Be6
8. f4 g6 9. h3 h5 10. g3 Nbd7 11. Bg2 b5 12. b3 Nc5 13. O-O Bh6 14. Bxc5
dxc5 15. f5 gxf5 16. exf5 Bd7 17. Nd5 Bc6 18. Nec3 Bxd5 19. Nxd5 Rb8 20.
Qe2 e4 21. Rad1 Kf8 22. Nxf6 Qxf6 23. Qxe4 h4 24. g4 Kg7 25. Qc6 Be3+ 26.
Kh1 Rhd8 27. Rde1 Bg5 28. Qxc5 Rbc8 29. Qa7 Kg8 30. Re2 Re8 31. Rxe8+ Rxe8
32. c4 bxc4 33. bxc4 Qc3 34. f6 Qxc4 35. Qd7 Qe6 36. Qd3 Bxf6 37. Bd5 Rd8
38. Rd1 Qe5 39. Qg6+ Kh8 40. Qxf7 Qc3 1/2-1/2

[Event "Aerosvit"]
[Site "Foros UKR"]
[Date "2007.06.22"]
[Round "5"]
[White "Karjakin,Sergey"]
[Black "Shirov,A"]
[Result "1-0"]
[WhiteElo "2686"]
[BlackElo "2699"]
[EventDate "2007.06.18"]

1. e4 e5 2. Nf3 Nc6 3. Bb5 a6 4. Ba4 Nf6 5. O-O Bc5 6. c3 b5 7. Bb3 d6 8.
a4 Bg4 9. h3 Bxf3 10. Qxf3 Na5 11. Bc2 b4 12. Qd1 Qb8 13. d4 b3 14. dxc5
bxc2 15. Qxc2 Nb3 16. Ra3 Nxc5 17. Re1 O-O 18. Nd2 a5 19. Nb3 Ne6 20. Be3
c6 21. f3 Re8 22. Bf2 Qc7 23. Nd2 d5 24. Rb3 Nf4 25. exd5 N6xd5 26. Kh2 Re6
27. Bg3 Rg6 28. Nf1 h5 29. c4 Nb4 30. Qf5 h4 31. Bxf4 exf4 32. Nd2 Rd8 33.
Ne4 Re6 34. Qg5 f6 35. Qg4 Qf7 36. Qxh4 Nc2 37. Re2 Nd4 38. Rd2 Rxe4 39.
fxe4 Qxc4 40. Rdd3 Re8 41. Qh5 Rf8 42. Rbc3 Qxa4 43. Qc5 Ne2 44. Rd7 Re8
45. Qh5 1-0

[Event "Aerosvit"]
[Site "Foros UKR"]
[Date "2007.06.22"]
[Round "5"]
[White "Onischuk,Al"]
[Black "Eljanov,P"]
[Result "1/2-1/2"]
[WhiteElo "2663"]
[BlackElo "2686"]
[EventDate "2007.06.18"]

1. d4 Nf6 2. c4 e6 3. Nc3 Bb4 4. e3 O-O 5. Bd3 d5 6. Nf3 c5 7. O-O dxc4 8.
Bxc4 Nbd7 9. a3 cxd4 10. axb4 dxc3 11. bxc3 Qc7 12. Qb3 Nb6 13. Be2 e5 14.
Ra5 Be6 15. Qc2 Nbd7 16. c4 b6 17. Ra6 Rfc8 18. Nd2 Bd5 19. f3 Bb7 20. Ra3
a5 21. bxa5 bxa5 22. Bb2 Nc5 23. Nb3 Nfd7 24. Nxc5 Nxc5 25. f4 Be4 26. Qc3
Re8 27. fxe5 a4 28. Rf4 Rab8 29. Bf1 Bc6 30. Qc2 Ne6 31. Rf2 Rb7 32. Bd3 h6
33. Bf5 Reb8 34. Bc3 Qe7 35. Ra1 Qh4 36. Qd3 Rb3 37. Bxe6 fxe6 38. Qg6 Qe4
39. Qxe4 Bxe4 40. Bd4 R8b4 41. Rfa2 Bc6 42. c5 Kf7 43. Kf2 Kg6 44. Rf1 Kf5
45. Kg3+ Kg6 46. Kf4 Kh5 47. Rf3 g5+ 48. Kg3 Rc4 49. h3 Bxf3 50. gxf3 a3
51. Rh2 Rc1 52. h4 Kg6 53. hxg5 hxg5 54. Rh8 Rd3 55. Rg8+ Kf7 56. Ra8 Kg6
57. Rg8+ Kh7 58. Ra8 Rd2 59. Rxa3 Rg1+ 60. Kh3 Rh1+ 61. Kg3 Rg1+ 62. Kh3
Rgg2 63. f4 g4+ 64. Kh4 Kg6 65. Ra8 Rg1 66. Rg8+ Kh6 67. Rh8+ Kg7 68. Ra8
Kh6 69. Rh8+ Kg6 70. Rg8+ Kh6 71. Rh8+ Kg7 72. Ra8 Kh6 1/2-1/2

[Event "Aerosvit"]
[Site "Foros UKR"]
[Date "2007.06.23"]
[Round "6"]
[White "Eljanov,P"]
[Black "Jakovenko,D"]
[Result "1/2-1/2"]
[WhiteElo "2686"]
[BlackElo "2708"]
[EventDate "2007.06.18"]

1. d4 Nf6 2. c4 e6 3. Nf3 d5 4. Nc3 dxc4 5. e4 Bb4 6. Bg5 c5 7. Bxc4 cxd4
8. Nxd4 Bxc3+ 9. bxc3 Qa5 10. Bxf6 Qxc3+ 11. Kf1 gxf6 12. Bb5+ Ke7 13. Rc1
Qa5 14. e5 fxe5 15. Qh5 Nd7 16. Qg5+ Kf8 17. Rxc8+ Rxc8 18. Bxd7 Qd8 19.
Nxe6+ fxe6 20. Qh6+ Kf7 21. Qxe6+ Kf8 22. Qh6+ Kf7 23. Qe6+ 1/2-1/2

[Event "Aerosvit"]
[Site "Foros UKR"]
[Date "2007.06.23"]
[Round "6"]
[White "Svidler,P"]
[Black "Karjakin,Sergey"]
[Result "1/2-1/2"]
[WhiteElo "2736"]
[BlackElo "2686"]
[EventDate "2007.06.18"]

1. d4 d5 2. c4 c6 3. Nf3 Nf6 4. Nc3 e6 5. e3 Nbd7 6. Qc2 Bd6 7. g4 h6 8.
Bd2 dxc4 9. Bxc4 b5 10. Be2 Bb7 11. g5 hxg5 12. Nxg5 Qb6 13. O-O-O b4 14.
Na4 Qa5 15. Rhg1 Rxh2 16. Be1 Rc8 17. Bf3 Rh6 18. a3 Ba6 19. Kb1 c5 20.
dxc5 Bxc5 21. Nxc5 Rxc5 22. axb4 Qa1+ 23. Kxa1 Rxc2 24. Ne4 Ne5 25. Nxf6+
Rxf6 26. Be4 Rc4 27. Bh1 Nf3 28. Bxf3 Rxf3 29. Rxg7 Bb5 1/2-1/2

[Event "Aerosvit"]
[Site "Foros UKR"]
[Date "2007.06.23"]
[Round "6"]
[White "Shirov,A"]
[Black "Nisipeanu,LD"]
[Result "1/2-1/2"]
[WhiteElo "2699"]
[BlackElo "2693"]
[EventDate "2007.06.18"]

1. e4 d5 2. exd5 Qxd5 3. Nc3 Qd6 4. d4 Nf6 5. Nf3 c6 6. Ne5 Nbd7 7. f4 Nb6
8. g4 g6 9. g5 Nfd5 10. Ne4 Qd8 11. c4 Nc7 12. Qe2 Bg7 13. c5 Ne6 14. cxb6
Nxd4 15. Qf2 Bxe5 16. fxe5 Qd5 17. Bg2 Qc4 18. b3 Qd3 19. Qd2 Nc2+ 20. Kf2
Qxd2+ 21. Bxd2 Nxa1 22. Rxa1 axb6 23. Be3 Be6 24. Bxb6 Bxb3 25. Nc3 h6 26.
Rb1 Bd5 27. Nxd5 Rxa2+ 28. Kg1 cxd5 29. Bxd5 Rd2 30. Bxb7 hxg5 31. Bg2 Rh4
32. Ba5 Rc2 33. Rb8+ Kd7 34. Bd5 e6 35. Bb3 Rcxh2 36. Rb7+ Kc6 37. Rxf7
Rh1+ 38. Kg2 R1h2+ 39. Kg1 1/2-1/2

[Event "Aerosvit"]
[Site "Foros UKR"]
[Date "2007.06.25"]
[Round "7"]
[White "Nisipeanu,LD"]
[Black "Svidler,P"]
[Result "1/2-1/2"]
[WhiteElo "2693"]
[BlackElo "2736"]
[EventDate "2007.06.18"]

1. e4 d6 2. d4 Nf6 3. Nc3 g6 4. h3 Bg7 5. Be3 c6 6. a4 O-O 7. g4 Qa5 8. Bg2
d5 9. e5 Ne4 10. Nge2 f6 11. exf6 exf6 12. O-O f5 13. Nxe4 fxe4 14. f3 exf3
1/2-1/2

[Event "Aerosvit"]
[Site "Foros UKR"]
[Date "2007.06.25"]
[Round "7"]
[White "Jakovenko,D"]
[Black "Rublevsky,S"]
[Result "1/2-1/2"]
[WhiteElo "2708"]
[BlackElo "2680"]
[EventDate "2007.06.18"]

1. e4 c5 2. Nf3 e6 3. d4 cxd4 4. Nxd4 Nc6 5. Nc3 Qc7 6. Be2 Nf6 7. O-O Be7
8. Kh1 O-O 9. f4 d6 10. Be3 Nxd4 11. Qxd4 b6 12. Bf3 Bb7 13. Nb5 Qb8 14. c4
a6 15. Nc3 b5 16. cxb5 axb5 17. a3 Bc6 18. b4 Rd8 19. Qd3 Qb7 20. a4 d5 21.
e5 Ne4 22. axb5 Nxc3 23. bxc6 Qxc6 24. Bc5 Rxa1 25. Rxa1 Ne4 26. Bxe4 dxe4
27. Qe2 1/2-1/2

[Event "Aerosvit"]
[Site "Foros UKR"]
[Date "2007.06.25"]
[Round "7"]
[White "Karjakin,Sergey"]
[Black "Van Wely,L"]
[Result "1-0"]
[WhiteElo "2686"]
[BlackElo "2674"]
[EventDate "2007.06.18"]

1. e4 c5 2. Nf3 d6 3. d4 cxd4 4. Nxd4 Nf6 5. Nc3 a6 6. Be3 e5 7. Nf3 Be7 8.
Bc4 O-O 9. O-O Nc6 10. Re1 b5 11. Bf1 Rb8 12. Bg5 Ng4 13. Bc1 Qb6 14. Qd2
Nf6 15. h3 Re8 16. Qd1 h6 17. b3 Bf8 18. a4 b4 19. Nd5 Nxd5 20. exd5 Na5
21. Be3 Qc7 22. Nd2 f5 23. Nc4 Be7 24. Qh5 Rf8 25. Nxa5 Qxa5 26. Bxh6 gxh6
27. Qg6+ Kh8 28. Qxh6+ Kg8 29. Qg6+ Kh8 30. Re3 f4 31. Rxe5 dxe5 32. Qh6+
Kg8 33. d6 Rf7 34. Bc4 Bf5 35. dxe7 1-0

[Event "Aerosvit"]
[Site "Foros UKR"]
[Date "2007.06.25"]
[Round "7"]
[White "Ivanchuk,V"]
[Black "Eljanov,P"]
[Result "1-0"]
[WhiteElo "2729"]
[BlackElo "2686"]
[EventDate "2007.06.18"]

1. d4 Nf6 2. c4 e6 3. Nf3 b6 4. g3 Ba6 5. Qc2 Bb7 6. Bg2 c5 7. d5 exd5 8.
cxd5 Nxd5 9. O-O Be7 10. Rd1 Qc8 11. Qf5 Nf6 12. Nc3 O-O 13. Bg5 d5 14. Nh4
Nc6 15. Qxc8 Rfxc8 16. Nf5 Kf8 17. Nb5 Ne8 18. Bf4 g6 19. Nfd6 Nxd6 20.
Nxd6 Bxd6 21. Bxd6+ Ne7 22. Bxd5 Bxd5 23. Rxd5 Rd8 24. Rad1 Ke8 25. Re5 Rd7
26. Rd3 f6 27. Re4 f5 28. Re5 a6 29. Rde3 Raa7 30. Re6 Rab7 31. Rf6 c4 32.
Kf1 a5 33. Ke1 b5 34. Kd2 b4 35. Kc1 Rb5 36. Rfe6 Rbb7 37. Rf6 Rb5 38. Kc2
Rd5 39. Ree6 Rd4 40. f3 Rb7 41. a4 c3 42. Kb3 cxb2 43. Kxb2 Rd2+ 44. Kb3
Rd7 45. h4 Rd5 46. h5 gxh5 47. Rh6 Rd2 48. Ref6 Rxe2 49. Rxh7 Rb7 50. Bf4
Kd7 51. Rxf5 Ke6 52. Rxa5 Nc6 53. Rh6+ 1-0

[Event "Aerosvit"]
[Site "Foros UKR"]
[Date "2007.06.25"]
[Round "7"]
[White "Onischuk,Al"]
[Black "Dominguez Perez,L"]
[Result "1/2-1/2"]
[WhiteElo "2663"]
[BlackElo "2678"]
[EventDate "2007.06.18"]

1. d4 d5 2. c4 dxc4 3. e4 e5 4. Nf3 exd4 5. Bxc4 Bb4+ 6. Nbd2 Nc6 7. O-O
Nf6 8. e5 Nd5 9. Nb3 Nb6 10. Bg5 Be7 11. Bxe7 Qxe7 12. Bb5 Bd7 13. Bxc6
Bxc6 14. Nfxd4 Bd5 15. Qg4 O-O 16. f4 g6 17. Nf5 Qd7 18. Ne3 Qxg4 19. Nxg4
Rfd8 20. Nf6+ Kg7 21. Rfd1 a5 22. Rd4 Bxb3 23. Rxd8 Rxd8 24. axb3 Rd4 25.
Rxa5 Rxf4 26. Rb5 Kf8 27. Nxh7+ Ke7 28. Nf6 Ke6 29. g3 Rd4 30. h4 Rd2 31.
Ne4 Rxb2 32. Ng5+ Ke7 33. g4 Nd7 34. h5 gxh5 35. gxh5 b6 36. h6 Ra2 37. Rd5
Ra8 38. Kf2 Rh8 39. h7 c6 40. Rd1 Nxe5 41. Rh1 Kf6 42. Ne4+ Kg7 43. Rh5 f6
44. Rh1 Kg6 45. Ke3 Nd7 46. Rg1+ Kf7 47. Rh1 Nf8 48. Rh6 Rxh7 49. Rxf6+ Ke7
50. Rxc6 Rh3+ 51. Kd2 Rxb3 52. Kc2 Rb4 53. Nd6 Kd7 54. Rc4 Rxc4+ 1/2-1/2